Vláda rokovala posledný raz pred podaním demisie

Bibliographic Details
Main Author: Alner, Juraj, 1937-2024 (Author)
Format: Article
Language:Slovak
Subjects:

MARC

LEADER 00000nab a2200000 a 4500
001 vtls000533842
003 SK-MaSNL
005 20260303212106.0
008 120928c1994 xo 0 slo
015 |a SNBRB19rr/mm-uuuuu 
035 |a CL0533980 
040 |a SNKBUCL  |b slo  |c SNKBUCL  |e AACR2 
041 0 |a slo 
044 |a xo  |c SK 
080 |a 328.1(437.6)  |2 1981 
100 1 |a Alner, Juraj,  |d 1937-2024  |4 aut  |9 48869 
245 1 0 |a Vláda rokovala posledný raz pred podaním demisie  |c Juraj Alner 
650 0 7 |a vláda Slovenskej republiky  |2 snkbucl  |9 898250 
655 7 |a články z novín a časopisov  |2 snkbucl  |9 267496 
773 0 |t Národná obroda  |g Roč. 5, č. 254 (3. 11. 1994), s. 1-2 
850 |a Slovenská národná knižnica v Martine  |a MTA001 
852 |a SNK  |b KIS3GCP 
958 |a RK 
992 |a RBX 
999 |c 2205521  |d 2207451